Médico interno / (Registro nro. 2277)

Detalles MARC
000 -LEADER
fixed length control field 01543nam a2200205 a 4500
008 - CAMPO DE CONTROL (LIBRO)
fixed length control field 161216e1987 ag ||||| |||| 00| f spa d
020 ## - INTERNATIONAL STANDARD BOOK NUMBER
ISBN 9500403595
041 ## - CODIGO DE IDIOMA
Código de idioma del texto/pista de sonido o título separado spa
092 ## - SIGNATURA TOPOGRAFICA DEWEY LOCAL
número de clasificación 808.8
libristica 13
sección COO
100 1# - ENTRADA PRINCIPAL--NOMBRE PERSONAL
Nombre personal Cook, Robin
9 (RLIN) 3090
245 ## - TITULO PROPIAMENTE DICHO
Título Médico interno /
Mención de responsabilidad y remanente de la transcripción de la portada Robin Cook
250 ## - MENCION DE EDICION
Mención de edición 1a ed. 7a reimp.
Mención de responsabilidad relacionada con la ed. Traducción Maricel Ford
260 ## - PIE DE IMPRENTA
Lugar de publicación, distribución, etc Buenos Aires:
Nombre de la editorial, distribuidor, etc Emece;
Fecha de publicación 1987.
300 ## - DESCRIPCION FISICA
Extension 296 p.
500 ## - NOTA GENERAL
Nota general Cook, R. (1987). Médico interno. (1a ed.). Buenos Aires : Emece.
505 ## - NOTA DE CONTENIDO
Nota de contenido formateada Robin Cook, autor del gran best seller Coma, y de tantos otros éxitos, cirujano oftalmólogo y profesor en Haward, conoce como nadie el ambiente en que se desarrolla la medicina. Esta novela absolutamente diferente de sus otros libros, es una crítica apasionante, veraz y constructiva, contra el sistema formativo de las universidades. Es un verdadero llamado a la reflexión escrito con toda la atracción imaginativa que el tema sugiere. Un joven médico en su primer año de internado en un gran hospital. Lleno de dudas y temores, sin experiencia, en un estado constante de agotamiento físico y psíquico, se ve pronto obligado a cargar con responsabilidades para las que no está capacitado, y a tomar rápidas decisiones que afectan vidas humanas. Es una experiencia dura matizada de episodios tragicómicos, que pone a prueba su vocación y sus ideales. Interesará por igual a médicos, pacientes, y a los que se mantienen sanos.
590 ## - NOTAS LOCALES (RLIN)
Nota local Donacion Sergio Sarti. Proyecto 4to libro
655 ## - MATERIA - GENERO/FORMA
Género/Forma Novela
-- 3091
942 ## - ADDED ENTRY ELEMENTS (KOHA)
Source of classification or shelving scheme Dewey Decimal Classification
Item type LITERATURA
Existencias
Estado de retiro Existencia Fuente de clasificación Estado general No para prestamo Colección Ubicación permanente ubicación actual Sala de ubicación Fecha de adquisición Fuente de adquisición Total Checkouts Total Renewals Número de clasificación Código de barras Date last seen Date last borrowed Número de ejemplar Price effective from Koha tipo de elemento (item) Public note
    Dewey Decimal Classification     Fiction Biblioteca Medicina Biblioteca Medicina Circulación 16/12/2016 Donación Sergio Sarti, 2016 13 8 808.8 13 COO 3734 30/08/2023 11/08/2023 Ej. 1 16/12/2016 LITERATURA Proyecto 4to libro. Donación Sarti, Sergio.

UNIVERSIDAD NACIONAL DEL COMAHUE
Biblioteca de la Facultad de Ciencias Médicas
Sede Toschi: Los Arrayanes y Av. Toschi, Cipolletti  - Rio Negro
Sede Los Tordos:  Yrigoyen al 2211, Cipolletti - Rio Negro 

Teléfono: 0299 - 4774707 int 25
Contacto: biblioteca@facimed.uncoma.edu.ar
© 2011 - 2026